000 01061nam a2200277Ia 4500
001 Para_10288
003 CHAP
008 220125sEner xx 000 0 und d
010 _a208979
040 _cCHAP
090 _aPA CD - TESIS 318
100 _aDelgado Vargas, Yosgar Agni
_9126865
245 _aIdentificación y evaluación de la incidencia y severidad del anillamiento del pedúnculo del aguacatero en la sierra del tigre, Jalisco /
_c Yosgar Agni Delgado Vargas y Jesús Salvador Villanueva Betancourt; Director Santos Gerardo Leyva Mir
260 _aChapingo, Méx. :
_b el autor
300 _a1 CDS ROM (56 p.)
502 _aTesis (Ing. Agr. Esp. en Parasitología Agrícola). UACh. Departamento Parasitología
700 _aLeyva Mir, Santos Gerardo. Director
_9171335
710 _aUACh. Departamento Parasitología Agrícola
_9164025
901 _aPA CD - TESIS 318
902 _aM
905 _a513220Enero, 2014 abn 8100000000 06
910 _aEner
942 _cPARA
942 _cPARA
_d2
999 _c208979
_d208979